| 000 | 00824cam a2200181 4500 | ||
|---|---|---|---|
| 001 | WB3943-05 | ||
| 008 | 031112n2003 000 0 eng u | ||
| 035 | _a(Sirsi) u124303 | ||
| 245 | _aUK sales rise says CBI | ||
| 260 | _c2003 | ||
| 490 |
_aRetail Week _v 7 November 2003, 4(1) |
||
| 520 | _aThe latest CBI retail survey indicates that 56% of retailers said that their sales had risen in October. Which compared with only 21% claiming a fall in sales. The overall balance of a rise of 35% is the fastest rate of growth since April 2002. Grocers saw the strongest year on year growth, whilst retailers selling durable household goods saw sales fall. To read the CBI press release visit http://www.cbi.org.uk | ||
| 590 | _aWB | ||
| 650 | _aCBI | ||
| 650 | _aRETAIL SALES | ||
| 690 | _aECONOMIC ISSUES | ||
| 942 | _n0 | ||
| 999 |
_c73782 _d73782 |
||